00412 a2200097 4500082001800000100002100018245010700039260009500146650004800241700002500289 a631.4bNAJ/TR aNajiya Rinthas K aTransformation of Zinc in Soil and Zinc Nutrition in Lowland Rice Under Different Levels of Phosphorus aCollege of Agriculture,VellanikkarabDept.of Soil Science and Agricultural Chemistryc2021 aZinc in SoilaZinc Nutrition aLowland Rice aDr.Moossa P P(Guide)